000 00753nam a2200205 4500
001 112475
003 ES-MaACL
005 20230906185533.0
007 t|
008 061121s1949 pr r ||||1| spa d
080 _aB-1286-87
100 1 _aMuñoz Morales, Luis.
_984464
245 1 0 _aLecciones de Derecho Constitucional /
_cDr. Luis Muñoz Morales.
260 _aRío Piedras ( Puerto Rico) :
_bUniversidad de Puerto Rico,
_c1949.
300 _a2 t. 1 lám. :
_b` Retr. Aut.` ;
_c22 cm.
490 1 _aTrabajos de la Facultad de Derecho de la Universidad de Puerto Rico ;
_v7
830 0 _aTrabajos de la Facultad de Derecho de la Universidad de Puerto Rico ;
_v7
_9185709
852 _aES-MaACL
_jB-1286-87
_bR.28536
999 _c112475
_d112475